[Event "IECG Q3.2001.0.00103"]
[Site "IECG email"]
[Date "2001.04.10"]
[Round "?"]
[White "Olesen, Esper"]
[Black "Howes, Tony"]
[Result "0-1"]
[WhiteElo "1350"]
[BlackElo "1281"]
[PlyCount "78"]
[EventDate "2001.04.10"]
[EventType "tourn (corr)"]
[EventRounds "6"]
[SourceTitle "Corr 2008"]
[Source "ChessBase"]
[SourceDate "2008.06.24"]
[SourceVersion "1"]
[SourceVersionDate "2008.06.24"]
[SourceQuality "1"]

1. e4 Nf6 2. e5 Nd5 3. c4 Nb6 4. d4 d6 5. Nf3 Bg4 6. exd6 exd6 7. Be3 Nc6 8. Be2 Be7 9. 0-0 0-0 10. Nc3 Bxf3 11. Bxf3 Nxc4 12. Bxc6 bxc6 13. Qb3 d5 14. Qc2 Nxe3 15. fxe3 Bg5 16. Rae1 Re8 17. Qf5 Bxe3+ 18. Kh1 Bxd4 19. Qxf7+ Kh8 20. Rxe8+ Qxe8 21. Qxc7 Bxc3 22. bxc3 Qe2 23. Kg1 Qe3+ 24. Kh1 Qxc3 25. Qb7 Re8 26. Qf7 Rg8 27. Qxa7 d4 28. h3 d3 29. Qe3 Qc2 30. Rf2 Qb1+ 31. Kh2 Rd8 32. Qe7 Qb8+ 33. Kg1 d2 34. Rxd2 Rxd2 35. a4 Rd1+ 36. Kf2 Qf4+ 37. Ke2 Qf1+ 38. Ke3 Re1+ 39. Kd2 Rxe7 0-1